000 00551nam a22001577a 4500
003 NUST
038 _aNusrat Nadeem
082 _a200
100 _aAurangzeb, Maria
_9133140
245 _aThe Impact of Media Literacy on Deepfake Awareness and Perception Among Pakistani Youth: An ELM Perspective/
_cMaria Aurangzeb,
264 _aIslamabad:
_bS3H NUST.
_c2026.
650 _aMS-Mass Communication
_9114380
700 _aSupervisor: Dr. Sundus Mustaqeem
_9125681
856 _uhttp://10.250.8.41:8080/xmlui/handle/123456789/57357
942 _2ddc
_cSC
999 _c616152
_d616152